000 00336 a2200157 4500
001 177736
020 _a
040 _cMagnum
100 _aAlbergaria, Lino de
240 1 0 _aAmanha chega o sol
_lpor
245 1 0 _aAmanha chega o sol
362 0 _a1899
440 1 _aAo Livro Técnico
697 _aMAGNITO: IJ/GERAL
942 _cBK
999 _c177736
_d177736